Statistics for TURKEY

Click here to take the quiz!

General Stats

  • This quiz has been taken 3 times
  • The average score is 12 of 16

Answer Stats

HintAnswer% Correct
EE
100%
SPELL TURKEYk
100%
KK
100%
RR
100%
TT
100%
TURKEY!TURKEY
100%
TURKEYTURKEY
100%
UU
100%
DONT FORGET THE CRAMBERRY SAUCE !!!CRANBERRY
50%
TURKEYGOBBLE GOBBLE
50%
WHERE DID TURKIES ORIGINATEMEXICO!!
50%
TURKEY LUNCHABLEsammich
50%
YY
50%
!!!!!11!!YAY
50%
llamas are kewlyes
50%
yo waltuh'Tread lightly. ' "If that's true — if you don't know who I am — then maybe your best course is to tread lightly."
0%

Score Distribution

Percentile by Number Answered

Percent of People with Each Score

Your Score History

You have not taken this quiz